000 00443nam a22001817a 4500
003 MPLRDC
005 20220104113857.0
008 210129b ||||| |||| 00| 0 eng d
020 _a957-447-050-2
082 _a848.3 LFY v.11
100 _a梁凤仪著
245 _a誓不言悔
_c
260 _a
_b勤加缘出版社
_c1992
300 _b
490 _a梁凤仪小说系列;11
650 _a现代别集
942 _cBK
_o848.3 LFY v.11
999 _c3064
_d3054